| 000 | 00341nam a2200109 4500 | ||
|---|---|---|---|
| 008 | 160630b xxu||||| |||| 00| 0 eng d | ||
| 100 |
_91520 _a Agarwal, R. L |
||
| 245 | _aA Practical Approach to Communication in English -I X | ||
| 260 |
_aN.D _bArya _c2005 |
||
| 300 | _aA Practical Approach to Communication in English -I X | ||
| 942 |
_2ddc _cBK |
||
| 999 |
_c1253 _d1253 |
||